000 00337nam a22001337a 4500
041 _aENG
100 _aMaogong .Z
245 _aBamboo In Anji ,China; A Case Study Of An Intensive Production -To -Consumption System No .15
260 _aDelhi
_bINBR I
_c2002
300 _a47
650 _aFS
700 _aChen.X , Eei .Z
856 _uFS
999 _c805
_d805